000 00363cam a2200169 4500
001 D11920
008 090401t1919 xxu||||| |||| 00| 0 eng d
035 _a(Sirsi) u265
041 _aeng
100 _aAdkin, B. W.
245 _aLocal taxation
260 _bEstates Gazette
_c1919
350 _a0
520 _aShelf 113
942 _n0
948 _c04/03/1997
999 _c85510
_d85510